| 000 | 01340cam a2200373 i 4500 | ||
|---|---|---|---|
| 001 | 18244980 | ||
| 005 | 20221031095839.0 | ||
| 008 | 140728s2014 njuab b 001 0 eng | ||
| 010 | _a 2014014273 | ||
| 020 | _a9780813565170 (hardcover : alk. paper) | ||
| 020 | _a9780813565163 (pbk. : alk. paper) | ||
| 020 | _z9780813565187 (e-book) | ||
| 040 |
_aDLC _beng _cDLC _erda _dDLC |
||
| 042 | _apcc | ||
| 043 | _aa-ja--- | ||
| 050 | 0 | 0 |
_aHQ1064.J3 _bD352 2014 |
| 082 | 0 | 0 |
_a305.260952 _bDAN |
| 100 | 1 |
_aDanely, Jason. _9101764 |
|
| 245 | 1 | 0 |
_aAging and loss : _bmourning and maturity in contemporary Japan / _cJason Danely. |
| 264 | 1 |
_aNew Brunswick : _bRutgers University Press, _c[2014] |
|
| 300 |
_axi, 229 pages : _billustrations, maps ; _c23 cm. |
||
| 336 |
_atext _2rdacontent |
||
| 337 |
_aunmediated _2rdamedia |
||
| 338 |
_avolume _2rdacarrier |
||
| 490 | 0 | _aGlobal perspectives on aging series | |
| 504 | _aIncludes bibliographical references (pages 201- 222) and index. | ||
| 650 | 0 |
_aAging _zJapan. _9101765 |
|
| 650 | 0 |
_aOlder people _zJapan. _9101766 |
|
| 650 | 0 |
_aDeath _xSocial aspects. _9101767 |
|
| 650 | 0 |
_aMourning customs _zJapan. _9101768 |
|
| 906 |
_a7 _bcbc _corignew _d1 _eecip _f20 _gy-gencatlg |
||
| 942 |
_2ddc _cBK |
||
| 999 |
_c592110 _d592110 |
||